000 00376nam a2200133Ia 4500
008 191201s2018 xx 000 0 und d
082 _a005.133
_bDTB
100 _aDT Editorial
245 0 _aBig Data, Black Book: Covers Hadoop 2, MapReduce, Hive, YARN, Pig, R and Data Visualization)
260 _bDreamtech
_c2018
300 _a972
650 _aB.Tech(IT)
942 _2ddc
_cBK
999 _c6891
_d6891